| 000 | 01171cam a22003134a 4500 | ||
|---|---|---|---|
| 001 | 13659103 | ||
| 003 | OSt | ||
| 005 | 20151111135434.0 | ||
| 008 | 040719s2005 nyua b 001 0 eng | ||
| 010 | _a 2004053303 | ||
| 020 | _a0716710072 | ||
| 040 |
_aDLC _cDLC _dDLC |
||
| 050 | 0 | 0 |
_aQK47 _b.R25 2005 |
| 082 | 0 | 0 |
_a580 _222 |
| 100 | 1 | _aRaven, Peter H. | |
| 245 | 1 | 0 |
_aBiology of plants / _cPeter H. Raven, Ray F. Evert, Susan E. Eichhorn. |
| 250 | _a7th ed. | ||
| 260 |
_aNew York, NY : _bW.H. Freeman, _cc2005. |
||
| 300 |
_axv, 686, [107] p. : _bill. (some col.) ; _c29 cm. |
||
| 500 | _aIncludes bibliographical references (p. FR-1-FR-12 (3rd group)) and index. | ||
| 650 | 0 | _aBotany. | |
| 700 | 1 | _aEvert, Ray Franklin. | |
| 700 | 1 | _aEichhorn, Susan E. | |
| 856 | 4 | 2 |
_3Publisher description _uhttp://www.loc.gov/catdir/enhancements/fy0912/2004053303-d.html |
| 856 | 4 | 1 |
_3Table of contents only _uhttp://www.loc.gov/catdir/enhancements/fy0912/2004053303-t.html |
| 906 |
_a7 _bcbc _corignew _d1 _eocip _f20 _gy-gencatlg |
||
| 942 |
_2lcc _cBK |
||
| 999 |
_c251215 _d251215 |
||